Marketing internacional (Record no. 28355)
[ view plain ]
| 000 -LEADER | |
|---|---|
| fixed length control field | 01052nam a22002537a 4500 |
| 005 - DATE AND TIME OF LATEST TRANSACTION | |
| control field | 20220427140816.0 |
| 008 - FIXED-LENGTH DATA ELEMENTS--GENERAL INFORMATION | |
| fixed length control field | 120124t mx ||||| |||| 00| 0 spa d |
| 020 ## - INTERNATIONAL STANDARD BOOK NUMBER | |
| International Standard Book Number | 970101118X |
| 050 04 - LIBRARY OF CONGRESS CALL NUMBER | |
| Classification number | HF1416.6.M6 |
| Item number | C95 1996 |
| 100 1# - MAIN ENTRY--PERSONAL NAME | |
| Personal name | Czinkota, Michael R. |
| Relator term | autor |
| 240 1# - UNIFORM TITLE | |
| Uniform title | International Marketing |
| Language of a work | Español |
| 245 10 - TITLE STATEMENT | |
| Title | Marketing internacional |
| Statement of responsibility, etc | / Michael R. Czinkota, Ilkka a. Ronkainen ; traducción y revisión técnica Juan Bruno García -Sordo ; revisión técnica Herbert Seiter Kopetz. |
| 250 ## - EDITION STATEMENT | |
| Edition statement | 1a ed. |
| 260 ## - PUBLICATION, DISTRIBUTION, ETC. (IMPRINT) | |
| Place of publication, distribution, etc | México : |
| Name of publisher, distributor, etc | McGraw-Hill Interamericana Editores, |
| Date of publication, distribution, etc | 1996 |
| 300 ## - PHYSICAL DESCRIPTION | |
| Extent | xxix, 819 p. : |
| Other physical details | il. , |
| Dimensions | 28 cm. |
| 500 ## - GENERAL NOTE | |
| General note | Traducción de la 4a ed. en inglés / 1a ed. en español |
| 500 ## - GENERAL NOTE | |
| General note | Incluye índice |
| 650 #7 - SUBJECT ADDED ENTRY--TOPICAL TERM | |
| Source of heading or term | lemb |
| Topical term or geographic name as entry element | Mercado de exportación |
| General subdivision | Administración |
| 650 #7 - SUBJECT ADDED ENTRY--TOPICAL TERM | |
| Source of heading or term | lemb |
| Topical term or geographic name as entry element | Mercado de exportación |
| Form subdivision | estudio de casos |
| General subdivision | Administración |
| 700 1# - ADDED ENTRY--PERSONAL NAME | |
| Personal name | Ronkainen, Ilkka A. |
| Relator term | autor |
| 700 1# - ADDED ENTRY--PERSONAL NAME | |
| Personal name | García-Sordo, Juan Bruno, |
| Relator term | traductor |
| 700 1# - ADDED ENTRY--PERSONAL NAME | |
| Personal name | Seiter Kopetz, Herbert |
| Relator term | revisor técnico |
| 942 ## - ADDED ENTRY ELEMENTS (KOHA) | |
| Source of classification or shelving scheme | Biblioteca del Cogreso de los Estados Unidos |
| Koha item type | Libro |
| Estado de pérdida | Fuente de clasificación | Estado del daño | No para préstamo | Ubicación permanente | Ubicación actual | Apartado o colección | Fecha de adquisición | Fuente de adquisición | Edición | Dependencia de educación superior (DES) | Área del conocimiento | Clasificación | Código de Barras | Date last seen | Número de copia | Costo por reposición | Tipo de recurso |
|---|---|---|---|---|---|---|---|---|---|---|---|---|---|---|---|---|---|
| Biblioteca del Cogreso de los Estados Unidos | Consulta | Biblioteca de la Facultad de Contaduría y Ciencias Administrativas | Biblioteca de la Facultad de Contaduría y Ciencias Administrativas | General | 24/01/2012 | Unidad Académica | 1a ed. | Ciencias Económico Administrativas | Ciencias Sociales y Administrativas | HF1416.6.M6 C95 1996 | BCCA000002925 | 24/01/2012 | C:1 | 300.00 | Libro | ||
| Biblioteca del Cogreso de los Estados Unidos | Biblioteca de la Facultad de Contaduría y Ciencias Administrativas | Biblioteca de la Facultad de Contaduría y Ciencias Administrativas | General | 24/01/2012 | Unidad Académica | 1a ed. | Ciencias Económico Administrativas | Ciencias Sociales y Administrativas | HF1416.6.M6 C95 1996 | BCCA000002926 | 16/01/2015 | C:2 | 300.00 | Libro |